| 000 | 00633nam a2200229Ia 4500 | ||
|---|---|---|---|
| 005 | 20230426122815.0 | ||
| 008 | 131103s9999 xx 000 0 und d | ||
| 020 |
_a9.78E+12 _cRs.475.00 |
||
| 040 | _aLoreto College | ||
| 041 | _aEnglish | ||
| 082 |
_a339 _bDOR |
||
| 100 | _aDornbusch,Rudiger | ||
| 245 |
_aMacroeconomics _cRudiger Dornbusch,Stanley Fischer and Richard Startz |
||
| 250 | _a9th Edition | ||
| 260 |
_aNew Delhi _bTata McGraw-Hill Education _c2004 |
||
| 300 | _a635 p. | ||
| 504 | _aIncludes glossary and index | ||
| 650 | _aMacro Economics | ||
| 700 | _aFischer,Stanley | ||
| 850 | _aLCLIB | ||
| 942 | _cBK | ||
| 999 |
_c38120 _d88599 |
||